| 000 | 00446nam a2200169Ia 4500 | ||
|---|---|---|---|
| 005 | 20250703005734.0 | ||
| 008 | 240331s9999 xx 000 0 und d | ||
| 020 | _a955205818X | ||
| 082 |
_bCHA _a398 |
||
| 100 | _aChandima himi Waththewewee | ||
| 245 | 0 | _aAdyathana sinhala geethaya ha jansruthiya | |
| 260 |
_aColombo _bS . Godage & Brothers _c2002 |
||
| 300 | _a254 p ., | ||
| 650 | _aModern Sinhala song | ||
| 650 | _aFolklore | ||
| 942 | _cL | ||
| 999 |
_c5130 _d5130 |
||